| 000 | 00926nam a2200277Ia 4500 | ||
|---|---|---|---|
| 001 | Para_2138 | ||
| 003 | CHAP | ||
| 008 | 220125s1997 xx 000 0 und d | ||
| 010 | _a200752 | ||
| 040 | _cCHAP | ||
| 082 | _aPA 630.208 C65c 1997 | ||
| 111 |
_aCongreso nacional agropecuario y forestal: por un desarrollo rural sostenible (2:1997:Chapingo, Méx.) _9165604 |
||
| 245 |
_aConclusiones y resolutivos / _c comp. por Joel Pérez Nieto [y otros] |
||
| 260 |
_aChapingo, Méx. : _b UACh |
||
| 300 | _a41 p. | ||
| 650 |
_aAgr _9165605 |
||
| 700 |
_aPérez Nieto, Joel _989883 |
||
| 710 | 2 |
_aUniversidad Autónoma Chapingo _9143749 |
|
| 901 | _aPA 630.208 C65C 1997 | ||
| 902 | _aA | ||
| 905 | _a0000001997 0000000000 00 | ||
| 910 | _a1997 | ||
| 942 | _cPARA | ||
| 942 |
_cPARA _d1 |
||
| 999 |
_c200752 _d200752 |
||